| 000 | 00573nam a2200229 a 4500 | ||
|---|---|---|---|
| 005 | 20210219152848.0 | ||
| 008 | 991125n 000 0 eng u | ||
| 035 | _aUPN01000063879 | ||
| 100 | 1 | _aCohen, Laurent | |
| 222 | 0 | _aBRAIN AND LANGUAGE | |
| 245 | 0 | 0 | _aAmnesia for arithmetic facts : a single case study |
| 260 | _aEUA | ||
| 300 | _a214-232 | ||
| 362 | 0 | _a1994 Vol. 47, no. 2, aug. | |
| 653 | 0 | _aAMNESIA | |
| 653 | 0 | _aARITMETICA | |
| 653 | 0 | _aMEMORIA | |
| 700 | 1 | _aDehaene, Stanislas, | |
| 700 | 1 | _ecoaut. | |
| 904 |
_aAC _b001690 |
||
| 905 | _aArticulo | ||
| 999 |
_c62322 _d62322 |
||